Truyện ngắn Chu Lai

Spremljeno u:
Bibliografski detalji
Glavni autor: Chu Lai
Format: Knjiga
Jezik:Undetermined
Izdano: H. Văn Học 2003
Teme:
Oznake: Dodaj oznaku
Bez oznaka, Budi prvi tko označuje ovaj zapis!
Thư viện lưu trữ: Trung tâm Học liệu Trường Đại học Cần Thơ
LEADER 00456nam a2200181Ia 4500
001 CTU_54367
008 210402s9999 xx 000 0 und d
020 |b 45000 
082 |a 895.922301 
082 |b L103 
100 |a Chu Lai 
245 0 |a Truyện ngắn Chu Lai 
245 0 |c Chu Lai 
260 |a H. 
260 |b Văn Học 
260 |c 2003 
650 |a short stories, vietnamese 
980 |a Trung tâm Học liệu Trường Đại học Cần Thơ